Nedocenená oblasť ekonomickej teórie - analýzy vplyvu kultúrnych inštitúcií a etiky na ekonomický život spoločnosti

Úloha kultúrnych inštitúcií a etiky v ekonomickom živote spoločnosti. Kultúra a poznávanie ako ekonomické činitele. Vplyv Paretovho optima na ekonomický život.

Guardado en:
Detalles Bibliográficos
Autor principal: Petričová, Jarmila
Formato: Capítulo de libro
Lenguaje:eslovaco
Materias:
Etiquetas: Agregar Etiqueta
Sin Etiquetas, Sea el primero en etiquetar este registro!

MARC

LEADER 00000nla$a2200000$$$4500
001 0053572
005 20240502071624.4
041 0 |a slo 
044 |a SK 
245 1 0 |a Nedocenená oblasť ekonomickej teórie - analýzy vplyvu kultúrnych inštitúcií a etiky na ekonomický život spoločnosti  |c Jarmila Petričová 
520 |a Úloha kultúrnych inštitúcií a etiky v ekonomickom živote spoločnosti. Kultúra a poznávanie ako ekonomické činitele. Vplyv Paretovho optima na ekonomický život. 
610 2 0 |a teórie ekonomické 
610 2 0 |a filozofia 
610 2 0 |a etika 
610 2 0 |a kultúra 
610 2 0 |a dejiny myslenia ekonomického 
100 1 |a Petričová, Jarmila